Bacterial physiology

Αποθηκεύτηκε σε:
Λεπτομέρειες βιβλιογραφικής εγγραφής
Κύριοι συγγραφείς: Werkman, C. H (Συγγραφέας), Wilson, Perry W (Συγγραφέας)
Μορφή: Βιβλίο
Γλώσσα:Αγγλικά
Έκδοση: Nueva York Academic 1951
Θέματα:
Ετικέτες: Προσθήκη ετικέτας
Δεν υπάρχουν, Καταχωρήστε ετικέτα πρώτοι!

MARC

LEADER 00000nam a2200000 a 4500
001 UCV3707
003 CL-VaPUC
008 910704e19510000US |||||||||||||||||eng|d
082 0 4 |a 589.901  |b WER  |2 21 
100 0 |a Werkman, C. H  |e author  |9 298005 
700 0 |a Wilson, Perry W  |e author  |9 298006 
245 1 0 |a Bacterial physiology 
300 |a 707 p 
942 |c BK 
945 |d 19910704 00:00:00 
260 |a Nueva York  |b Academic  |c 1951 
650 0 |a Bacterias  |9 298237 
650 7 |a FISIOLOGIA  |2 CL-VaPUC  |9 298008 
583 |a last modification  |c 19910704 00:00:00  |k Rodrigo Vera 
999 |c 210846  |d 210844 
952 |0 0  |1 0  |4 0  |6 589_901000000000000_WER_1951  |7 0  |8 A  |9 187776  |a BIBALI  |b BIBALI  |c GEN  |d 2019-11-14  |i 2553066  |o 589.901 WER 1951  |p 2553066  |r 2025-01-20  |w 2019-11-14  |y BK  |k ALI